| 000 | 00434nam a22001097a 4500 | ||
|---|---|---|---|
| 008 | 110705t xxu||||| |||| 00| 0 eng d | ||
| 010 | _aCACMAF74 | ||
| 245 | _aCourt of Appeal Civil Misc. Application No. 30 OF 1997 Pearl Flowers Limited Vs Skill Consultants | ||
| 260 | _c1997 | ||
| 500 | _aCORAM: HON. MR. JUSTICE S.T. MANYINDO - DCJ | ||
| 999 |
_c4508 _d4508 |
||